10 najlepszych stanów USA według poparcia dla Partii Demokratycznej - Statystyki

Ogólne statystyki
  • Ten quiz został rozwiązany 10 razy
  • Średni wynik to 6 z 10
Statystyki odpowiedzi
% Stan % Poprawnych
20,4 Kalifornia
100%
18,3 Waszyngton
100%
14,3 Oregon
78%
31,2 Vermont
78%
24,8 Massachusetts
67%
13,7 Rhode Island
56%
14,4 Connecticut
44%
23,1 Hawaje
44%
27,7 Maryland
44%
14,7 Delaware
22%
Nie znaleziono quizów pasujących do podanych kryteriów
Rozkład punktacji
Procent ludzi z każdym wynikiem
Percentyl według liczby udzielonych odpowiedzi
Twoja historia wyników
Nie rozwiązałeś tego quizu